000 00761aam a2200325a 44500
008 990607s1996 cat
017 _aV-5100-1996
020 _a8488715609
041 _acat
080 _a504(038)
245 _aGlossari de termes ambientals
260 _aValència
260 _bFundació Bancaixa
260 _c1996
300 _a320 p.
_bil.
_c24 cm
500 _aRemissions, notes
520 _aaprox. 950
546 _acatalà
591 _a6098
592 _aObra terminològica
593 _aDN
594 _a6098
650 _amedi ambient
_960842
901 _c<1996>
902 _a990607
942 _cMO
_n0
999 _c57831
_d57831